[Event "FRA-ch op-A"]
[Site "Belfort"]
[Date "2010.08.10"]
[Round "1"]
[White "Lebret, Jean Michel"]
[Black "Brolly, Pierre Louis"]
[Result "1-0"]
[WhiteElo "2128"]
[BlackElo "2016"]
[PlyCount "63"]
[EventDate "2010.08.09"]
[EventType "swiss"]
[EventRounds "11"]
[EventCountry "FRA"]
[SourceTitle "CBM 138 Extra"]
[Source "ChessBase"]
[SourceDate "2010.10.29"]
[SourceVersion "1"]
[SourceVersionDate "2010.10.29"]
[SourceQuality "1"]

1. e4 c5 2. Nc3 Nc6 3. g3 g6 4. Bg2 Bg7 5. d3 d6 6. f4 Rb8 7. Nge2 Bd7 8. 0-0 b5 9. Nd5 Nf6 10. Ne3 0-0 11. f5 Ne5 12. h3 Bc6 13. Nf4 a5 14. b3 a4 15. Bb2 Qa5 16. g4 g5 17. Bxe5 dxe5 18. Nh5 Rfd8 19. h4 Nxh5 20. gxh5 gxh4 21. f6 Bxf6 22. Ng4 Bg5 23. Nxe5 Be8 24. Qg4 h6 25. Qf5 Bf6 26. Nxf7 Bxf7 27. e5 Qc3 28. exf6 Qd4+ 29. Kh1 h3 30. Be4 e6 31. Qh7+ Kf8 32. Rg1 1-0

[Event "FRA-chT2 East 0708"]
[Site "France"]
[Date "2008.04.05"]
[Round "10.6"]
[White "Brolly, Pierre Louis"]
[Black "Coulon, Maxcellend"]
[Result "1-0"]
[WhiteElo "2003"]
[BlackElo "2024"]
[PlyCount "61"]
[EventDate "2007.10.21"]
[EventType "team"]
[EventRounds "11"]
[EventCountry "FRA"]
[SourceTitle "EXT 2009"]
[Source "ChessBase"]
[SourceDate "2008.11.26"]
[SourceVersion "1"]
[SourceVersionDate "2008.11.26"]
[SourceQuality "1"]
[WhiteTeam "Saverne"]
[BlackTeam "Besancon TPG II"]
[WhiteTeamCountry "FRA"]
[BlackTeamCountry "FRA"]

1. e4 c5 2. Nf3 d6 3. d4 cxd4 4. Nxd4 Nf6 5. Nc3 a6 6. Be3 e6 7. g4 h6 8. Bg2 e5 9. Nf5 Nc6 10. h3 Be6 11. Qd2 Rc8 12. Rd1 Bxf5 13. exf5 Qa5 14. 0-0 Be7 15. Qe2 Qb4 16. Rb1 0-0 17. a3 Qa5 18. Rbd1 Qc7 19. h4 Qd8 20. g5 hxg5 21. hxg5 Nh7 22. g6 Nf6 23. Nd5 Re8 24. Nxf6+ Bxf6 25. Bd5 Kf8 26. gxf7 Ke7 27. fxe8Q+ Qxe8 28. Be6 Ra8 29. Qd3 Nd4 30. Bxd4 Qh5 31. Bb6 1-0

[Event "FRA-chT2 East 0708"]
[Site "France"]
[Date "2008.01.20"]
[Round "6.4"]
[White "Chevant, Louis"]
[Black "Brolly, Pierre Louis"]
[Result "1/2-1/2"]
[WhiteElo "2196"]
[BlackElo "1994"]
[PlyCount "57"]
[EventDate "2007.10.21"]
[EventType "team"]
[EventRounds "11"]
[EventCountry "FRA"]
[SourceTitle "EXT 2009"]
[Source "ChessBase"]
[SourceDate "2008.11.26"]
[SourceVersion "1"]
[SourceVersionDate "2008.11.26"]
[SourceQuality "1"]
[WhiteTeam "Grenoble"]
[BlackTeam "Saverne"]
[WhiteTeamCountry "FRA"]
[BlackTeamCountry "FRA"]

1. Nf3 Nf6 2. g3 e6 3. Bg2 d5 4. c4 Be7 5. 0-0 0-0 6. d4 dxc4 7. Ne5 Nc6 8. Nxc6 bxc6 9. Bxc6 Rb8 10. Bf3 c5 11. dxc5 Bxc5 12. Qc2 Ba6 13. Bf4 Rc8 14. Nc3 h6 15. Rad1 Qe7 16. Na4 e5 17. Nxc5 Qxc5 18. Be3 Qe7 19. Qa4 Qe6 20. Qa3 Rfd8 21. Qa5 Rxd1 22. Rxd1 e4 23. Bg2 c3 24. bxc3 Bxe2 25. Re1 Bf3 26. Bd4 Bxg2 27. Kxg2 Nd5 28. Kg1 a6 29. Qa4 1/2-1/2

[Event "FRA-chT2 East 0708"]
[Site "France"]
[Date "2007.11.24"]
[Round "2.7"]
[White "Brolly, Pierre Louis"]
[Black "Cordier, Arnaud"]
[Result "1-0"]
[WhiteElo "1980"]
[BlackElo "2144"]
[PlyCount "125"]
[EventDate "2007.10.21"]
[EventType "team"]
[EventRounds "11"]
[EventCountry "FRA"]
[SourceTitle "EXT 2009"]
[Source "ChessBase"]
[SourceDate "2008.11.26"]
[SourceVersion "1"]
[SourceVersionDate "2008.11.26"]
[SourceQuality "1"]
[WhiteTeam "Saverne"]
[BlackTeam "Epinal"]
[WhiteTeamCountry "FRA"]
[BlackTeamCountry "FRA"]

1. e4 Nc6 2. Nf3 e5 3. Bc4 Bc5 4. c3 Bb6 5. 0-0 Nf6 6. d4 Qe7 7. Re1 d6 8. d5 Nb8 9. Nbd2 0-0 10. Nf1 Ng4 11. Be3 Nxe3 12. Nxe3 g6 13. h3 Kh8 14. Qd2 f5 15. exf5 gxf5 16. Nc2 Rg8 17. Qh6 Nd7 18. Nh4 Qf6 19. Qxf6+ Nxf6 20. Kf1 f4 21. Rad1 e4 22. Nd4 Bxd4 23. Rxd4 f3 24. gxf3 Bxh3+ 25. Ke2 exf3+ 26. Kd2 Rae8 27. Nxf3 Rxe1 28. Nxe1 Rg4 29. Rxg4 Bxg4 30. Ke3 Kg7 31. Ng2 Kf7 32. Kf4 Ke7 33. Ne3 Bd7 34. Bd3 Kf7 35. Kg5 Kg7 36. c4 h6+ 37. Kh4 c6 38. dxc6 bxc6 39. b4 Kf7 40. f3 Be6 41. a4 d5 42. c5 Nd7 43. f4 Ke7 44. Kh5 a5 45. bxa5 Nxc5 46. a6 Bc8 47. a7 Bb7 48. Bc2 Ne6 49. f5 Nf8 50. Bd3 c5 51. Ba6 Ba8 52. Kxh6 Nd7 53. Kg7 Nf6 54. a5 c4 55. Bc8 Ne8+ 56. Kg6 c3 57. Nc2 Nd6 58. f6+ Kd8 59. Be6 Kc7 60. Nd4 Kb7 61. Bf5 Ka6 62. Bd3+ Kxa7 63. Nf5 1-0